| 000 | 00585nam a22002177a 4500 | ||
|---|---|---|---|
| 003 | OSt | ||
| 005 | 20150611180348.0 | ||
| 008 | 150611b xxu||||| |||| 00| 0 eng d | ||
| 020 | _a9780071089012 | ||
| 040 | _cDDC | ||
| 082 |
_222nd ed. _a620.1 HAY 2012 |
||
| 100 |
_aHayt, William H. _95254 |
||
| 245 | _aEngineering electromagnetics | ||
| 250 | _a8th ed. | ||
| 260 |
_aNew York; _bMcgraw-hill, _c2012 |
||
| 300 |
_axiv,593p; _bcol.ill: _c23cm |
||
| 504 | _aAppendices, & index included | ||
| 650 |
_aElectromagnetism _93955 |
||
| 700 |
_aBuck, John A. _95255 |
||
| 942 |
_2z _cO_SHELF |
||
| 999 |
_c2021 _d2021 |
||